MARC

LEADER 00000nam0a2200000 4500
001 675072
005 20241001144740.0
090 |a 675072 
100 |a 20241001d1979 km|y0rusy50 ca 
101 0 |a rus 
102 |a RU 
105 |a y z 001yy 
181 0 |a i   |b  e  
182 0 |a n 
183 0 |a nc  |2 RDAcarrier 
200 1 |a Введение в диалектическую логику. Философия в системе науки и мировоззрения  |f Е. Ф. Солопов  |g под ред. В. Г. Иванова; Академия наук СССР Ленинградская кафедра философии 
203 |a Текст  |b визуальный  |c непосредственный 
210 |a Ленинград  |c Наука  |d 1979 
215 |a 212 с. 
283 |a volume  |2 RDAcarrier 
320 |a Предметный указатель: с.205-208 
320 |a Именной указатель: с. 209-210 
320 |a Подстрочные библиографические ссылки 
606 1 |a Диалектическая логика  |9 36686 
606 1 |a Науки  |x Взаимодействие  |x Философские проблемы  |9 64359 
610 1 |a материалистическая диалектика 
610 1 |a теория 
610 1 |a философия 
610 1 |a происхождение 
610 1 |a мировоззренческая наука 
610 1 |a методологическая наука 
686 |2 rubbk  |a Ю223 
686 |2 rubbk  |a Ю251.23 
700 1 |a Солопов  |b Е. Ф.  |g Евгений Фролович 
702 1 |4 340  |a Иванов  |b В. Г. 
712 0 2 |a Академия наук СССР  |c (Ленинград/Москва)  |c (1925-1991)  |4 570  |9 23473  |b Ленинградская кафедра философии 
801 0 |a RU  |b 63413507  |c 20241001 
830 |a Ретро2024Каталогизация Шило 
850 |a 63413507 
942 |c BK